000 00426nmm a2200157Ia 4500
008 251105s9999||||xx |||||||||||||||||und||
041 _aspa
100 _aO'Leary, Ann
245 0 _aHistoria de una seducción
264 _a[Madrid, España] :
_bEditorial Egales,
_c2018
300 _a149 páginas
490 _aNarrativa
650 _aRomance
856 _uhttps://public.digitaliapublishing.com/a/169924
942 _cCF
999 _c100189
_d100189